[Discurso de Segismundo Moret] (Record no. 193745)
[ view plain ]
| 000 -LEADER | |
|---|---|
| campo de control de longitud fija | 01122naa a2200265 i 4500 |
| 001 - NÚMERO DE CONTROL | |
| campo de control | 193745 |
| 003 - IDENTIFICADOR DE NÚMERO DE CONTROL | |
| campo de control | ES-MaACL |
| 005 - FECHA Y HORA DE LA ÚLTIMA TRANSACCIÓN | |
| campo de control | 20240312062559.0 |
| 007 - CAMPO FIJO DE DESCRIPCIÓN FÍSICA--INFORMACIÓN GENERAL | |
| campo de control de longitud fija | t| |
| 008 - DATOS DE LONGITUD FIJA--INFORMACIÓN GENERAL | |
| campo de control de longitud fija | 240208s1902 sp ||||1| spa d |
| 040 ## - FUENTE DE CATALOGACIÓN | |
| Centro catalogador/agencia de origen | ES-MaACL |
| Lengua de catalogación | spa |
| Centro/agencia transcriptor | ES-MaACL |
| 100 1# - ENTRADA PRINCIPAL--NOMBRE DE PERSONA | |
| Nombre de persona | Moret, Segismundo, |
| Fechas asociadas al nombre | 1833-1913 |
| 9 (RLIN) | 162747 |
| Término indicativo de función/relación | Autor |
| 245 11 - MENCIÓN DEL TÍTULO | |
| Título | [Discurso de Segismundo Moret] |
| 260 ## - PUBLICACIÓN, DISTRIBUCIÓN, ETC. | |
| Lugar de publicación, distribución, etc. | Madrid : |
| Nombre del editor, distribuidor, etc. | Ministerio de Instrucción Pública y Bellas Artes, |
| Fecha de publicación, distribución, etc. | 1902 |
| 300 ## - DESCRIPCIÓN FÍSICA | |
| Extensión | 4 páginas ; |
| Dimensiones | 30 cm |
| 336 ## - TIPO DE CONTENIDO | |
| Fuente | rdacontent |
| Término de tipo de contenido | texto |
| 337 ## - TIPO DE MEDIO | |
| Fuente | rdamedia |
| Nombre/término del tipo de medio | sin mediación |
| 338 ## - TIPO DE SOPORTE | |
| Fuente | rdacarrier |
| Nombre/término del tipo de soporte | volumen |
| 500 ## - NOTA GENERAL | |
| Nota general | Fotocopia del discurso de Segismundo Moret. En: Discursos leídos el día 24 de mayo de 1902 en el solemne Festival Académico celebrado en el Palacio de la Biblioteca y Museos Nacionales, con motivo de la entrada en la mayor edad de S.M. el Rey D. Alfonso XIII. Madrid: Ministerio de Instrucción Pública y Bellas Artes, 1902, p. [145]-147 |
| 501 ## - NOTA DE CON | |
| Nota de "Con" | . |
| 610 24 - PUNTO DE ACCESO ADICIONAL DE MATERIA--NOMBRE DE ENTIDAD CORPORATIVA | |
| Nombre de entidad corporativa o nombre de jurisdicción como elemento de entrada | Ateneo de Madrid- |
| Subdivisión de forma | Conferencias- |
| Subdivisión cronológica | 1900-1939 |
| 9 (RLIN) | 1907 |
| 942 ## - ELEMENTOS DE ENTRADA SECUNDARIOS (KOHA) | |
| Fuente del sistema de clasificación o colocación | Clasificación decimal universal |
| Tipo de ítem Koha | Capítulo de libro |
| Suprimir en OPAC | No |
| Estatus retirado | Estado de pérdida | Fuente del sistema de clasificación o colocación | Estado de daño | No para préstamo | Colección | Biblioteca de origen | Biblioteca actual | Ubicación en estantería | Fecha de adquisición | Total de préstamos | Signatura topográfica completa | Código de barras | Visto por última vez | Tipo de ítem Koha |
|---|---|---|---|---|---|---|---|---|---|---|---|---|---|---|
| Clasificación decimal universal | Fondo Ateneo de Madrid | Biblioteca del Ateneo de Madrid | Biblioteca del Ateneo de Madrid | Depósito folletos | 08/02/2024 | 2347-F-79 | 101206763 | 08/02/2024 | Capítulo de libro |
